000 00605nam a2200217Ia 4500
008 160319s9999 xx 000 0 und d
020 _a9789710839124
050 _a920
050 _bZ11r 1998
100 _aZaide, Gregorio F.
245 _aRizal and the other Great Filipinos /
245 _cGregorio F. Zaide, Sonia M. Zaide.
260 _aManila :
260 _bDiwa Textbooks
260 _c1998
300 _a xii, 295 pages ;
300 _c22 cm.
650 _aNationalists -- Philippines -- Biography.
650 _aPhilippines -- Biography.
650 _aRizal, José, -- 1861-1896.
999 _c292237
_d292237